| 000 | 00576nam a2200205Ia 4500 | ||
|---|---|---|---|
| 003 | OSt | ||
| 005 | 20230427094130.0 | ||
| 008 | 210423s2011 xx 000 0 und d | ||
| 020 | _a9788130918853 | ||
| 040 | _cAL | ||
| 041 | _aeng | ||
| 082 |
_a820.9 BLOM _223 |
||
| 100 |
_aBLOOM (Harold),Ed. _993686 |
||
| 245 | _aModern critical interpretations Shakespeares king lear. | ||
| 260 |
_aNew Delhi _bViva Books Pvt Ltd _c2011 |
||
| 300 |
_a155 _bPB |
||
| 365 |
_b165 _cINR |
||
| 906 | _acritical ; interpretations ; king ; lear. ; Modern ; Shakespeares | ||
| 942 |
_2ddc _cBK |
||
| 999 |
_c161742 _d161742 |
||